000 00338nam a2200133Ia 4500
005 20251222144717.0
008 251222s9999||||xx |||||||||||||| ||spa||
020 _a978-987-538-214-5
082 _a372.7/C35M
100 _aCastro, Adriana
245 0 _aMatemática para los más Chicos:
264 _bNovedades Educativas
942 _cLIB
999 _c18053
_d18053